000 00478nam a2200133Ia 4500
008 220217s9999 xx 000 0 und d
245 0 _aTesting of rubber and elastomers. Determination of the lead content: Determination by atomic absorption spectroscopy for lead contents up to 1000 mg:kg (0.1%).
260 _c1978
500 _aStandard number: DIN 53 599 Part 1
650 _aAtomic absorption spectroscopy
650 _aElastomers
650 _aLead content
942 _cST
999 _c73368
_d73368